Представление документа в формате MARC21

Поле Инд. ПП Название Значение
Тип записи a
Библиографический уровень b
001 Контрольный номер c625786fd19b40d4a74e67bfedbc5d15
005 Дата корректировки 20241203125905.8
080 a Индекс УДК 621.892
097 b Оператор *Плё*
100 1_ a Автор Болотов А.Н.
245 10 a Заглавие Изменение геометрических параметров детали при её изнашивании алмазным абразивным инструментом
p Название части/ раздела - Текст : электронный
b Продолж. заглавия статья
260 a Место издания Тверь
b Издательство ТвГТУ
c Дата издания 2024
520 0_ a Аннотация Указано, что высокая объемная режущая способность керамического алмазного инструмента вызывает сложность в фиксации необходимых геометрических размеров изделия. Получены соотношения, описывающие изменение геометрических параметров обрабатываемых керамических деталей на микро- и макроуровне при абразивном алмазном изнашивании. Сделан вывод, что проведенные испытания подтвердили высокие триботехнические характеристики алмазосодержащего минералокерамического инструмента и правомерность предложенной модели.
653 0_ a Ключевые слова Алмазный инструмент
a Ключевые слова Абразивный материал
a Ключевые слова Изнашиваемый материал
a Ключевые слова Микротопография
a Ключевые слова Поверхность
a Ключевые слова Шероховатость
a Ключевые слова Износ
700 12 a Другие авторы Новиков В.В.
700 12 a Другие авторы Новикова О.О.
700 12 a Другие авторы Болотов М.И.
773 18 w Контрольный № источника 48e5b62063be4c66b648ecbdb936c832
t Название источника Механика и физика процессов на поверхности и в контакте твердых тел, деталей технологического и энергетического оборудования
d Место и дата издания Тверь : ТвГТУ, 2024
g Прочая информация Вып. 17. - С. 53-59
900 a Имя макрообъекта 001-000164092-000000000-0000-0000-01
901 t Тип документа b
950 a Редактор записи мс
951 i EL-ТГТУ? да